=LDR 00000nam 2200000 4500 =001 INLIS000000000029326 =005 20201116104213 =035 ##$$a 0010-061300000029326 =008 201116################g##########0#ind## =041 ##$$a ind =082 ##$$a 324.2 =090 ##$$a 324.2, TAH m =100 1#$$a Taher, Tarmizi =245 1#$$a Muhammadiyah sebagai tenda bangsa. /$c KH.Dr.dr.Tarmizi Taher =260 ##$$a Jakarta :$b Grafindo,$c 2005 =300 ##$$a 178 hlm., ; $c 21 x 14 cm. =650 #4$$a Muhammadiyah (Organisasi Islam) =850 ##$$a NBPNMAT =020 ##$$a 979-98313-2-6 =084 ##$$a 324.2 TAH m =250 ##$$a cet.1 =504 ##$$a Biografi ;hlm.175-178 =990 ##$$a 30709953 =990 ##$$a 30709952 =990 ##$$a 30709954 =990 ##$$a 30709955